| 000 | 00443nam a22001817a 4500 | ||
|---|---|---|---|
| 005 | 20260204130859.0 | ||
| 008 | 260204b |||||||| |||| 00| 0 eng d | ||
| 020 |
_a9788123928326 _c695.00 |
||
| 040 | _aMAIN | ||
| 041 | _aEnglish | ||
| 082 |
_a628.5 _bALL |
||
| 100 |
_aAllen, K. _926182 |
||
| 245 | _aEnvironmental Biotechnology | ||
| 260 |
_aNew Delhi _bCBS _c2016 |
||
| 300 | _a597 | ||
| 650 |
_aEnvironment Science _9310 |
||
| 942 | _cBK | ||
| 999 |
_c60222 _d60222 |
||